[Event "IX C.to Italiano U20"]
[Site "Bratto - Castione della Presolana ITA"]
[Date "2001.08.26"]
[Round "5"]
[White "Ferro, Mario"]
[Black "Buchicchio, Giampaolo"]
[Result "0-1"]
[WhiteElo "2186"]
[BlackElo "2179"]
[PlyCount "64"]
[EventDate "2001.08.22"]

1.c4 c6 2.g3 d5 3.cxd5 cxd5 4.Bg2 Nf6 5.Nf3 Nc6 6.d4 Bg4 7.O-O e6 8.Qa4 
Nd7 9.Nc3 Be7 10.Ne5 Ndxe5 11.dxe5 Bh5 12.g4 Bg6 13.f4 O-O 14.f5 exf5 15.
gxf5 Bh5 16.f6 Bc5+ 17.Kh1 Nxe5 18.Qh4 Bg6 19.Nxd5 Re8 20.Bg5 h6 21.Bd2 
Bf8 22.Rac1 Nc6 23.e4 Re5 24.Rce1 Rh5 25.Qg4 Bd6 26.Bf4 Ne5 27.Qg3 gxf6 
28.Be3 Nd3 29.Bf4 Nxf4 30.Nxf4 Rg5 31.Qb3 Bxf4 32.Rxf4 Rxg2 0-1

[Event "IX C.to Italiano U20"]
[Site "Bratto - Castione della Presolana ITA"]
[Date "2001.08.26"]
[Round "5"]
[White "Genocchio, Daniele"]
[Black "Cacco, Christian"]
[Result "1-0"]
[WhiteElo "2340"]
[BlackElo "2252"]
[PlyCount "87"]
[EventDate "2001.08.22"]

1.e4 c6 2.d4 g6 3.c4 Bg7 4.Nf3 d6 5.h3 Nd7 6.Nc3 Qc7 7.Be3 Ngf6 8.Be2 O-O 
9.O-O e5 10.d5 Ne8 11.Rc1 c5 12.Qd2 a6 13.a3 b6 14.b4 Bf6 15.Bh6 Bg7 16.
Be3 Kh8 17.Rb1 Nef6 18.Rb3 Ng8 19.Qc2 h6 20.Nh2 Kh7 21.Rfb1 Ne7 22.Qd1 f5 
23.bxc5 bxc5 24.Na4 Ra7 25.Nf1 Rd8 26.Nb6 Nf6 27.Nxc8 Qxc8 28.exf5 Nxf5 
29.Qc2 e4 30.Ng3 Re7 31.Nxf5 Qxf5 32.Rb8 Rxb8 33.Rxb8 Qe5 34.Bc1 Nd7 35.
Bb2 Nxb8 36.Bxe5 Rxe5 37.Bg4 e3 38.fxe3 Rxe3 39.Qb1 h5 40.Bxh5 Nd7 41.
Qxg6+ Kh8 42.Qxd6 Bd4 43.Kf1 Nf6 44.Qf8+ 1-0

[Event "IX C.to Italiano U20"]
[Site "Bratto - Castione della Presolana ITA"]
[Date "2001.08.26"]
[Round "5"]
[White "Guclu, Yaman"]
[Black "Cusumano, Domenico"]
[Result "0-1"]
[WhiteElo "1831"]
[BlackElo "1939"]
[PlyCount "144"]
[EventDate "2001.08.22"]

1.d4 d5 2.e4 dxe4 3.Nc3 Nf6 4.f3 exf3 5.Nxf3 Bg4 6.h3 Bxf3 7.Qxf3 c6 8.Qf2
e6 9.Bd3 Qc7 10.Bf4 Bd6 11.Bxd6 Qxd6 12.O-O Nbd7 13.Ne4 Qe7 14.Ng3 O-O 15.
Rae1 Qd6 16.c4 Rad8 17.Bb1 b5 18.c5 Qc7 19.Ne4 Nxe4 20.Rxe4 e5 21.dxe5 
Nxe5 22.Qf5 Ng6 23.Rfe1 Rd5 24.Qf2 f6 25.a4 Re5 26.axb5 cxb5 27.b4 a5 28.
Rxe5 Nxe5 29.Qf5 g6 30.Qe6+ Kg7 31.Qd6 Qxd6 32.cxd6 axb4 33.Rd1 Rd8 34.Ba2
Nf7 35.Bxf7 Kxf7 36.Rd5 Rb8 37.d7 Ke7 38.d8=Q+ Rxd8 39.Rxb5 Rd4 40.Rb6 h5 
41.Kf2 h4 42.Ke3 Rc4 43.Rb7+ Kf8 44.Kd2 g5 45.Kd3 Rf4 46.Ke3 Ke8 47.Rh7 
Kd8 48.Rb7 Kc8 49.Rb5 Kc7 50.Kd3 Rf2 51.Rxb4 Rxg2 52.Ke4 Rf2 53.Rb5 Rf4+ 
54.Ke3 Kd6 55.Ra5 Ke6 56.Rb5 Kf7 57.Ra5 Kg6 58.Rb5 Ra4 59.Rb3 f5 60.Kf3 
g4+ 61.hxg4 fxg4+ 62.Kg2 Ra2+ 63.Kg1 h3 64.Rg3 Kg5 65.Rb3 Rg2+ 66.Kh1 Rf2 
67.Kg1 Rf3 68.Rb2 g3 69.Rb5+ Kg4 70.Rb4+ Rf4 71.Rb3 h2+ 72.Kg2 Rf2+ 0-1

[Event "IX C.to Italiano U20"]
[Site "Bratto - Castione della Presolana ITA"]
[Date "2001.08.26"]
[Round "5"]
[White "Ibba, Isacco"]
[Black "Castaldo, Folco"]
[Result "0-1"]
[WhiteElo "1807"]
[BlackElo "2304"]
[PlyCount "68"]
[EventDate "2001.08.22"]

1.f4 c5 2.b3 b6 3.Nf3 Bb7 4.e3 Nf6 5.Bb2 e6 6.Be2 Be7 7.d3 O-O 8.Nbd2 Nd5 
9.Nf1 Bf6 10.d4 cxd4 11.Nxd4 Nc6 12.c4 Nxd4 13.Bxd4 Nc3 14.Qd3 Bxg2 15.Rg1
Nxe2 16.Kxe2 Bxf1+ 17.Raxf1 Bxd4 18.Qxd4 f6 19.f5 exf5 20.Rxf5 Qe7 21.h4 
Qe6 22.Rd5 Rf7 23.Rd6 Qh3 24.Qd5 Re8 25.Kd1 Qxe3 26.Rg2 Qc3 27.Qd2 Qa1+ 
28.Kc2 Qxa2+ 29.Kc3 Qa1+ 30.Kc2 Qe5 31.Rxd7 Qf5+ 32.Rd3 Rd7 33.Rf2 Qe4 34.
Rf4 Rxd3 0-1

[Event "IX C.to Italiano U20"]
[Site "Bratto - Castione della Presolana ITA"]
[Date "2001.08.26"]
[Round "5"]
[White "Longo, Luigi"]
[Black "Longo, Aldo"]
[Result "1/2-1/2"]
[WhiteElo "1500"]
[BlackElo "1500"]
[PlyCount "28"]
[EventDate "2001.08.22"]

1.d4 d5 2.c4 e6 3.Nc3 Nf6 4.Bg5 Be7 5.Nf3 h6 6.Bh4 O-O 7.e3 b6 8.cxd5 Nxd5
9.Bxe7 Qxe7 10.Nxd5 exd5 11.Rc1 Be6 12.Qa4 c5 13.Qa3 Rc8 14.Be2 a5 1/2-1/2

[Event "IX C.to Italiano U20"]
[Site "Bratto - Castione della Presolana ITA"]
[Date "2001.08.26"]
[Round "5"]
[White "Mariano, Elia"]
[Black "Piscopo, Pierluigi"]
[Result "1-0"]
[WhiteElo "2198"]
[BlackElo "2218"]
[PlyCount "73"]
[EventDate "2001.08.22"]

1.d4 g6 2.c4 f5 3.g3 Nf6 4.Nc3 Bg7 5.Bg2 O-O 6.Nf3 d6 7.O-O Nc6 8.b3 Ne4 
9.Bb2 Nxc3 10.Bxc3 Qe8 11.Qd2 e5 12.dxe5 dxe5 13.Rad1 f4 14.Qb2 Bg4 15.b4 
fxg3 16.hxg3 Rf5 17.b5 Nd8 18.Nh2 Bh5 19.g4 Rg5 20.gxh5 Ne6 21.Nf3 Rxg2+ 
22.Kxg2 Nf4+ 23.Kh1 Qe6 24.Rg1 Qh3+ 25.Nh2 Qxh5 26.Rd7 Bf6 27.Qd2 c6 28.e3
Nh3 29.Rg3 Rf8 30.Kg2 Ng5 31.bxc6 bxc6 32.f3 Ne6 33.Ng4 Bh4 34.Qd6 Nd4 35.
Bxd4 exd4 36.Qe6+ Kh8 37.Qd6 1-0

[Event "IX C.to Italiano U20"]
[Site "Bratto - Castione della Presolana ITA"]
[Date "2001.08.26"]
[Round "5"]
[White "Mazzilli, Piero"]
[Black "Drabke, Lorenz Maximilian"]
[Result "0-1"]
[WhiteElo "2206"]
[BlackElo "2338"]
[PlyCount "70"]
[EventDate "2001.08.22"]

1.e4 c5 2.Nf3 e6 3.d3 Nc6 4.g3 Nge7 5.Bg2 g6 6.O-O Bg7 7.Re1 e5 8.Be3 d6 
9.c3 O-O 10.Na3 b6 11.d4 exd4 12.cxd4 Bg4 13.Nc2 Qd7 14.Qd2 Rad8 15.Nh4 
cxd4 16.Nxd4 Ne5 17.f3 Nc4 18.Qd3 Nxe3 19.Rxe3 Be6 20.Rc1 Rc8 21.Rd1 Rfd8 
22.b3 Nc6 23.Nxc6 Qxc6 24.f4 Qc5 25.Nf3 Qa3 26.Re2 Rc3 27.Qd2 Bg4 28.Rf2 
Qc5 29.e5 Bxf3 30.Bxf3 Rxf3 31.exd6 Rxf2 32.Qxf2 Rxd6 33.Rxd6 Qxd6 34.Qe2 
Qd4+ 35.Kf1 Qa1+ 0-1

[Event "IX C.to Italiano U20"]
[Site "Bratto - Castione della Presolana ITA"]
[Date "2001.08.26"]
[Round "5"]
[White "Nardelli, Marco"]
[Black "Festa, Samuele"]
[Result "0-1"]
[WhiteElo "1791"]
[BlackElo "1642"]
[PlyCount "68"]
[EventDate "2001.08.22"]

1.e4 c6 2.d4 d5 3.exd5 cxd5 4.Bd3 Nc6 5.c3 Nf6 6.Bf4 Bg4 7.Qb3 Qd7 8.Nd2 
e6 9.Ngf3 Bd6 10.Bxd6 Qxd6 11.O-O O-O 12.Rae1 Rab8 13.Ne5 b5 14.Nxg4 Nxg4 
15.Nf3 b4 16.Qd1 h6 17.h3 Nf6 18.Ne5 bxc3 19.bxc3 Qc7 20.f4 Rb2 21.g4 Nxe5
22.fxe5 Ne4 23.Bxe4 dxe4 24.Qc1 Rxa2 25.Rxe4 Qc6 26.Qe3 Rb8 27.Rf2 Rb1+ 
28.Kg2 Raa1 29.Kg3 Re1 30.Re2 Rxe2 31.Qxe2 Qxc3+ 32.Qe3 Ra3 33.Qxc3 Rxc3+ 
34.Kf4 g5# 0-1

[Event "IX C.to Italiano U20"]
[Site "Bratto - Castione della Presolana ITA"]
[Date "2001.08.26"]
[Round "5"]
[White "Pelosin, Matteo"]
[Black "Arnetta, Marianna"]
[Result "1/2-1/2"]
[WhiteElo "1705"]
[BlackElo "2060"]
[PlyCount "103"]
[EventDate "2001.08.22"]

1.e4 e6 2.d4 d5 3.e5 c5 4.c3 Nc6 5.Nf3 Qb6 6.Be2 Nge7 7.dxc5 Qxc5 8.Be3 
Qa5 9.b4 Qc7 10.Bf4 Ng6 11.Bg3 Ncxe5 12.Nxe5 Nxe5 13.Bb5+ Bd7 14.Bxd7+ 
Kxd7 15.O-O Bd6 16.Na3 a6 17.Rc1 Ke7 18.Re1 Rhd8 19.Qd4 f6 20.Qe3 Qd7 21.
Qe2 Ng6 22.Bxd6+ Qxd6 23.Qh5 Kf7 24.Nc2 Qf4 25.Nd4 e5 26.Nf5 Qg5 27.Qxg5 
fxg5 28.Rcd1 Rac8 29.Re3 Rc4 30.Ng3 d4 31.Rf3+ Ke8 32.cxd4 Rcxd4 33.Rxd4 
Rxd4 34.a3 Nf4 35.h3 Rd7 36.Re3 Ng6 37.Ne4 b6 38.Nxg5 h6 39.Ne4 Rd1+ 40.
Kh2 Rd7 41.g3 Kd8 42.Kg2 Ne7 43.Nc3 Nd5 44.Nxd5 Rxd5 45.Kf3 Kd7 46.Ke4 Ke6
47.Rd3 Rxd3 48.Kxd3 Kd5 49.f3 b5 50.h4 g6 51.g4 Kd6 52.Ke4 1/2-1/2

[Event "IX C.to Italiano U20"]
[Site "Bratto - Castione della Presolana ITA"]
[Date "2001.08.26"]
[Round "5"]
[White "Pulito, Alberto"]
[Black "Retter, Martin"]
[Result "1/2-1/2"]
[WhiteElo "2050"]
[BlackElo "1690"]
[PlyCount "92"]
[EventDate "2001.08.22"]

1.e4 e6 2.d4 d5 3.e5 c5 4.c3 Qb6 5.Nf3 Nc6 6.a3 f6 7.b4 cxd4 8.cxd4 fxe5 
9.dxe5 g6 10.h4 Bg7 11.Bb2 Qc7 12.Qc2 Qb8 13.h5 Nge7 14.hxg6 hxg6 15.Rxh8+
Bxh8 16.Bb5 a6 17.Bxc6+ bxc6 18.Nbd2 a5 19.Qc5 axb4 20.axb4 Rxa1+ 21.Bxa1 
Qb5 22.Qxb5 cxb5 23.Nb3 Nc6 24.Bc3 d4 25.Nbxd4 Nxe5 26.Nxb5 Nxf3+ 27.gxf3 
Ba6 28.Nc7+ Kd7 29.Nxa6 Bxc3+ 30.Ke2 Kc6 31.f4 Kb6 32.Nc5 Bxb4 33.Nxe6 Be7
34.Ke3 Kc6 35.Ke4 Kd6 36.Nd4 Bf6 37.Nf3 Ke6 38.Ne5 Bh4 39.Ng4 Kf7 40.Ke5 
Bd8 41.Kd6 Be7+ 42.Kd7 Bb4 43.Ne3 Be1 44.f3 Bd2 45.Nd5 Bc1 46.Kd6 Bb2 
1/2-1/2

[Event "IX C.to Italiano U20"]
[Site "Bratto - Castione della Presolana ITA"]
[Date "2001.08.26"]
[Round "5"]
[White "Santacroce, Fidel"]
[Black "Cerioni, Armando"]
[Result "1/2-1/2"]
[WhiteElo "1630"]
[BlackElo "1443"]
[PlyCount "82"]
[EventDate "2001.08.22"]

1.e4 c5 2.Nf3 d6 3.Bb5+ Bd7 4.Qe2 Nf6 5.e5 Bxb5 6.Qxb5+ Qd7 7.Nc3 a6 8.Qb3
Ng4 9.Nd5 Qc6 10.exd6 exd6 11.Nb6 Ra7 12.O-O Be7 13.Re1 Kf8 14.h3 Nf6 15.
Ng5 d5 16.c4 d4 17.h4 Nbd7 18.Nxd7+ Qxd7 19.a4 a5 20.Qf3 b6 21.d3 Qg4 22.
Qxg4 Nxg4 23.f3 Nf6 24.Bd2 Bd6 25.Re2 Re7 26.Rae1 Rxe2 27.Rxe2 g6 28.Ne4 
Nxe4 29.Rxe4 Kg7 30.Kf2 Rd8 31.f4 Rd7 32.Kf3 f5 33.Re8 Kf7 34.Ra8 h5 35.
Ke2 Ke7 36.Kd1 Rd8 37.Ra7+ Rd7 38.Ra8 Rd8 39.Ra7+ Rd7 40.Rxd7+ Kxd7 41.Ke2
Ke8 1/2-1/2

[Event "IX C.to Italiano U20"]
[Site "Bratto - Castione della Presolana ITA"]
[Date "2001.08.27"]
[Round "6"]
[White "Arcion, Riccardo"]
[Black "Mazzilli, Piero"]
[Result "0-1"]
[WhiteElo "1810"]
[BlackElo "2206"]
[PlyCount "84"]
[EventDate "2001.08.22"]

1.d4 d5 2.c4 e6 3.Nc3 c6 4.Nf3 dxc4 5.e4 b5 6.a3 Nd7 7.b3 cxb3 8.Qxb3 Bb7 
9.Be2 a6 10.Be3 Ngf6 11.O-O Be7 12.e5 Nd5 13.Nxd5 exd5 14.Bd3 O-O 15.Nd2 
Rc8 16.f4 c5 17.Qd1 cxd4 18.Rf3 f5 19.Bxd4 Bc5 20.Bxc5 Nxc5 21.Bb1 Qb6 22.
Kh1 Ne4 23.Nxe4 fxe4 24.Rh3 Rxf4 25.Ba2 Qc6 26.Qh5 Qc1+ 27.Qd1 Qxd1+ 28.
Rxd1 Rf5 29.e6 Re8 30.Re3 Rxe6 31.h3 Kf8 32.g4 Rfe5 33.Rd4 Ke7 34.a4 Kd6 
35.axb5 axb5 36.Rd1 Re8 37.Kg1 Kc5 38.Rc3+ Kd6 39.Re3 Rf8 40.Kg2 Re7 41.
Bb3 Ke5 42.Bc2 d4 0-1

[Event "IX C.to Italiano U20"]
[Site "Bratto - Castione della Presolana ITA"]
[Date "2001.08.27"]
[Round "6"]
[White "Arnetta, Marianna"]
[Black "Guclu, Yaman"]
[Result "1/2-1/2"]
[WhiteElo "2060"]
[BlackElo "1831"]
[PlyCount "67"]
[EventDate "2001.08.22"]

1.e4 e5 2.Nf3 d5 3.exd5 Bd6 4.d4 e4 5.Ne5 Nf6 6.Nc3 Qe7 7.Bb5+ Nbd7 8.Nxd7
Bxd7 9.Bxd7+ Nxd7 10.Qe2 f5 11.Nb5 O-O 12.Bd2 f4 13.O-O-O Rae8 14.Rde1 a6 
15.Nc3 Nf6 16.Qc4 Qf7 17.Qb3 b5 18.a3 Qg6 19.g3 fxg3 20.fxg3 Ng4 21.Bf4 
Kh8 22.Bxd6 cxd6 23.Nd1 Rf3 24.Qb4 e3 25.Nc3 Rf2 26.Re2 Qf5 27.Rhe1 Rc8 
28.Kb1 g6 29.Qxd6 Kg7 30.Qe7+ Kh6 31.Qh4+ Kg7 32.Qe7+ Kh6 33.Qh4+ Kg7 34.
Qe7+ 1/2-1/2

[Event "IX C.to Italiano U20"]
[Site "Bratto - Castione della Presolana ITA"]
[Date "2001.08.27"]
[Round "6"]
[White "Bartolini, Marco"]
[Black "Pelosin, Matteo"]
[Result "1-0"]
[WhiteElo "1597"]
[BlackElo "1705"]
[PlyCount "59"]
[EventDate "2001.08.22"]

1.d4 e6 2.Nf3 Nf6 3.g3 d5 4.c4 Be7 5.Bg2 O-O 6.O-O b6 7.Nbd2 Bb7 8.b3 Nbd7
9.Bb2 c5 10.Rc1 Rc8 11.e3 h6 12.Qe2 Re8 13.Rfd1 Rc7 14.Ne5 Nxe5 15.dxe5 
Nd7 16.f4 Qa8 17.cxd5 Bxd5 18.Bxd5 exd5 19.e4 d4 20.Bxd4 Qc8 21.Bb2 Nf8 
22.Nc4 Qh3 23.Rc2 h5 24.Qg2 Qg4 25.Rcd2 Rc6 26.Ne3 Qg6 27.Nf5 Qe6 28.Qe2 
c4 29.Nxe7+ Qxe7 30.Rd6 1-0

[Event "IX C.to Italiano U20"]
[Site "Bratto - Castione della Presolana ITA"]
[Date "2001.08.27"]
[Round "6"]
[White "Bianco, Raffaele"]
[Black "Artizzu, Giulio"]
[Result "0-1"]
[WhiteElo "1600"]
[BlackElo "2084"]
[PlyCount "134"]
[EventDate "2001.08.22"]

1.e4 c5 2.Nf3 d6 3.d4 cxd4 4.Nxd4 Nf6 5.Nc3 a6 6.Bg5 e6 7.f4 Be7 8.Qf3 Qc7
9.O-O-O Nbd7 10.g4 b5 11.Bxf6 Nxf6 12.g5 Nd7 13.a3 Bb7 14.Kb1 Rc8 15.f5 e5
16.Ne6 fxe6 17.fxe6 Nc5 18.Qf7+ Kd8 19.Qxg7 Rf8 20.Bg2 Nxe6 21.Qxe5 Nxg5 
22.h4 Nf7 23.Qg7 Qc5 24.Rhf1 Qh5 25.e5 Bxg2 26.exd6 Bxf1 27.dxe7+ Kxe7 28.
Nd5+ Qxd5 29.Rxd5 Bc4 30.Rd1 h6 31.Re1+ Be6 32.Qd4 Rc6 33.Qa7+ Kf6 34.Qd4+
Ke7 35.Qa7+ Kf6 36.Qd4+ Ke7 37.Qa7+ Ke8 38.Rd1 Rd6 39.Qa8+ Nd8 40.Re1 Rf7 
41.Qg2 Rfd7 42.Qg6+ Ke7 43.Qh5 Nf7 44.b3 Rd5 45.Qe2 R7d6 46.Qf2 Rd2 47.
Qa7+ Kf6 48.Kb2 Rc6 49.Rf1+ Kg6 50.Rg1+ Kh5 51.Rc1 Re2 52.Qb7 Ne5 53.Qa8 
Bf5 54.Qf8 Bg6 55.Ka1 Rcxc2 56.Rxc2 Rxc2 57.Qf6 Nc6 58.Qf3+ Kxh4 59.Qf6+ 
Kh5 60.Qf3+ Kg5 61.Qg3+ Kf6 62.Qf4+ Bf5 63.Qxh6+ Ke5 64.Qe3+ Be4 65.Qg3+ 
Kd4 66.Qd6+ Kc3 67.Qf6+ Nd4 0-1

[Event "IX C.to Italiano U20"]
[Site "Bratto - Castione della Presolana ITA"]
[Date "2001.08.27"]
[Round "6"]
[White "Buchicchio, Giampaolo"]
[Black "Genocchio, Daniele"]
[Result "1/2-1/2"]
[WhiteElo "2179"]
[BlackElo "2340"]
[PlyCount "84"]
[EventDate "2001.08.22"]

1.e4 g6 2.d4 Bg7 3.c4 c5 4.Nf3 d6 5.h3 Qb6 6.dxc5 Qxc5 7.Nc3 Bxc3+ 8.bxc3 
Nf6 9.Bd3 O-O 10.O-O Be6 11.Rb1 Qc7 12.Nd4 Bxc4 13.Bxc4 Qxc4 14.Rxb7 Nbd7 
15.Qc2 Rfc8 16.Ne2 Qc6 17.Rb4 a5 18.Rd4 e5 19.Rdd1 Nxe4 20.f3 Nef6 21.Qd2 
d5 22.f4 e4 23.f5 Re8 24.fxg6 fxg6 25.Qh6 Re5 26.Nf4 Qc5+ 27.Kh2 Qf8 28.
Qh4 Qd6 29.Qg3 Rf5 30.c4 d4 31.Ba3 Nc5 32.Nxg6 Qxg3+ 33.Kxg3 Rg5+ 34.Kh2 
Rxg6 35.Bxc5 d3 36.Rf5 Re8 37.Be3 Nd7 38.Rxa5 Nb6 39.Rc5 h6 40.Rd2 Rc8 41.
Rxc8+ Nxc8 42.Rb2 Nd6 1/2-1/2

[Event "IX C.to Italiano U20"]
[Site "Bratto - Castione della Presolana ITA"]
[Date "2001.08.27"]
[Round "6"]
[White "Cacco, Christian"]
[Black "Berni, Giorgio"]
[Result "0-1"]
[WhiteElo "2252"]
[BlackElo "2141"]
[PlyCount "66"]
[EventDate "2001.08.22"]

1.d4 Nf6 2.Nf3 g6 3.g3 c5 4.c3 b6 5.Bg2 Bb7 6.Nbd2 Bg7 7.O-O O-O 8.b3 d6 
9.Re1 Nc6 10.e4 cxd4 11.cxd4 Rc8 12.Ba3 b5 13.d5 Nb8 14.Bb2 Nbd7 15.b4 Nb6
16.Nb3 Nc4 17.Bd4 Qd7 18.Ng5 Rc7 19.f4 h6 20.Nf3 Ne8 21.Rc1 Bxd4+ 22.Qxd4 
Ng7 23.h3 Rfc8 24.g4 Nb6 25.Rxc7 Rxc7 26.Re2 e6 27.Nfd2 exd5 28.exd5 f5 
29.Bf3 Qf7 30.Nf1 Bxd5 31.Bxd5 Qxd5 32.Qf6 Kh7 33.Nd4 Rf7 0-1

[Event "IX C.to Italiano U20"]
[Site "Bratto - Castione della Presolana ITA"]
[Date "2001.08.27"]
[Round "6"]
[White "Cerioni, Armando"]
[Black "Sedani, Elisa"]
[Result "1-0"]
[WhiteElo "1443"]
[BlackElo "1594"]
[PlyCount "87"]
[EventDate "2001.08.22"]

1.e4 c5 2.Nc3 d6 3.Nf3 a6 4.d4 cxd4 5.Nxd4 Nf6 6.Be3 e6 7.f3 Nc6 8.Qd2 Be7
9.g4 Nxd4 10.Bxd4 b5 11.Bd3 e5 12.Be3 d5 13.exd5 Nxd5 14.Bxb5+ axb5 15.
Qxd5 Qxd5 16.Nxd5 Bb7 17.Nc7+ Kd7 18.Nxa8 Rxa8 19.Rf1 Rc8 20.O-O-O+ Ke6 
21.f4 exf4 22.Bxf4 Bc5 23.Bg5 Be4 24.c3 b4 25.Rfe1 Ke5 26.Bh4 f5 27.gxf5 
Kxf5 28.Rf1+ Kg4 29.Bf2 bxc3 30.Bxc5 cxb2+ 31.Kxb2 Rxc5 32.Rd4 Rc2+ 33.Ka1
Re2 34.a4 Kh3 35.Rfd1 Kxh2 36.R1d2 Rxd2 37.Rxd2+ Kg3 38.Rd4 Kf3 39.a5 Bc6 
40.Rc4 Bd5 41.Rd4 Bc6 42.Rd6 Be4 43.a6 Kf4 44.Rd4 1-0

[Event "IX C.to Italiano U20"]
[Site "Bratto - Castione della Presolana ITA"]
[Date "2001.08.27"]
[Round "6"]
[White "Drabke, Lorenz Maximilian"]
[Black "Mariano, Elia"]
[Result "1/2-1/2"]
[WhiteElo "2338"]
[BlackElo "2198"]
[PlyCount "84"]
[EventDate "2001.08.22"]

1.e4 e6 2.d4 d5 3.Nd2 Nf6 4.e5 Nfd7 5.c3 c5 6.Bd3 Nc6 7.Ne2 cxd4 8.cxd4 f6
9.exf6 Nxf6 10.O-O Bd6 11.Nf3 Qc7 12.g3 O-O 13.Bf4 Bd7 14.Re1 Rae8 15.Rc1 
Nh5 16.Bxd6 Qxd6 17.Nc3 g6 18.Bf1 Ng7 19.a3 Qb8 20.Bh3 Qd8 21.Ne5 Nf5 22.
Bxf5 Rxf5 23.Nxd7 Qxd7 24.Qd3 Ref8 25.Rc2 Rf3 26.Re3 Qf7 27.Rxf3 Qxf3 28.
Qxf3 Rxf3 29.Rd2 Kf8 30.Kg2 Rf7 31.f4 Na5 32.Re2 Re7 33.Kf3 Kf7 34.Na4 Nb3
35.Ke3 Rc7 36.Nc3 a6 37.Re1 Rc4 38.Rd1 Kf6 39.Rd3 Nc1 40.Rd1 Nb3 41.Rd3 
Nc1 42.Rd1 Nb3 1/2-1/2

[Event "IX C.to Italiano U20"]
[Site "Bratto - Castione della Presolana ITA"]
[Date "2001.08.27"]
[Round "6"]
[White "Ferro, Mario"]
[Black "Castaldo, Folco"]
[Result "1/2-1/2"]
[WhiteElo "2186"]
[BlackElo "2304"]
[PlyCount "52"]
[EventDate "2001.08.22"]

1.c4 e6 2.g3 d5 3.cxd5 exd5 4.Bg2 Nf6 5.Nf3 Bd6 6.O-O O-O 7.d4 c6 8.Nc3 
Nbd7 9.Qc2 Re8 10.Rb1 Qe7 11.Nh4 Nb6 12.Nf5 Bxf5 13.Qxf5 Ne4 14.Nxe4 dxe4 
15.e3 g6 16.Qg4 Nd5 17.Bd2 a5 18.Qe2 h5 19.Rbe1 Nf6 20.f3 h4 21.f4 hxg3 
22.hxg3 Qd7 23.Kf2 Ng4+ 24.Kg1 Nf6 25.Kf2 Ng4+ 26.Kg1 Nf6 1/2-1/2

[Event "IX C.to Italiano U20"]
[Site "Bratto - Castione della Presolana ITA"]
[Date "2001.08.27"]
[Round "6"]
[White "Festa, Samuele"]
[Black "Bentivegna, Francesco"]
[Result "0-1"]
[WhiteElo "1642"]
[BlackElo "2106"]
[PlyCount "80"]
[EventDate "2001.08.22"]

1.d4 Nf6 2.Nf3 c5 3.d5 e6 4.c4 b5 5.Bg5 Qa5+ 6.Qd2 Qxd2+ 7.Nbxd2 bxc4 8.
Bxf6 gxf6 9.e4 Na6 10.Bxc4 Rb8 11.Nb3 Rg8 12.O-O Nc7 13.Rfd1 d6 14.Rab1 
Bb7 15.Na5 Ba8 16.a3 f5 17.exf5 Nxd5 18.fxe6 fxe6 19.Re1 Kd7 20.Kh1 Nf4 
21.Bf1 Nh3 22.Re3 Nxf2+ 23.Kg1 Ng4 24.Rb3 Rxb3 25.Nxb3 Bh6 26.Be2 Be3+ 27.
Kf1 Bxf3 28.Bxf3 Nxh2+ 29.Ke2 Bf4 30.Rd1 Ke7 31.Na5 Kf6 32.Nc6 Rg7 33.Rd3 
d5 34.Rb3 Bd6 35.Rb5 Nxf3 36.Kxf3 c4 37.Ra5 Rg3+ 38.Kf2 Rb3 39.Nxa7 Rxb2+ 
40.Kf1 c3 0-1

[Event "IX C.to Italiano U20"]
[Site "Bratto - Castione della Presolana ITA"]
[Date "2001.08.27"]
[Round "6"]
[White "Longo, Aldo"]
[Black "Nardelli, Marco"]
[Result "1/2-1/2"]
[WhiteElo "1500"]
[BlackElo "1791"]
[PlyCount "67"]
[EventDate "2001.08.22"]

1.e4 c5 2.Nc3 Nc6 3.g3 g6 4.Bg2 Bg7 5.d3 d6 6.f4 e6 7.Nf3 Nge7 8.O-O O-O 
9.Be3 b6 10.d4 Ba6 11.Rf2 Qc7 12.a4 Rad8 13.Nb5 Bxb5 14.axb5 Na5 15.b3 d5 
16.e5 Nf5 17.Bc1 h5 18.Qd2 Nxd4 19.Nxd4 cxd4 20.Qxd4 Rc8 21.Ba3 Rfd8 22.
Bb4 Bf8 23.Bxf8 Kxf8 24.Bf1 Rd7 25.Bd3 Qc3 26.Qxc3 Rxc3 27.Rf3 Rdc7 28.Kf2
Ke7 29.Ke2 Kd7 30.Kd2 Kc8 31.Rff1 Kb8 32.Ra2 Nb7 33.b4 Nd8 34.Rfa1 1/2-1/2

[Event "IX C.to Italiano U20"]
[Site "Bratto - Castione della Presolana ITA"]
[Date "2001.08.27"]
[Round "6"]
[White "Mogranzini, Roberto"]
[Black "Costantini, Roberto"]
[Result "0-1"]
[WhiteElo "2104"]
[BlackElo "2287"]
[PlyCount "54"]
[EventDate "2001.08.22"]

1.e4 c5 2.Nf3 d6 3.Bb5+ Nd7 4.c3 Nf6 5.Qe2 a6 6.Ba4 e5 7.O-O Be7 8.d4 b5 
9.Bc2 O-O 10.dxe5 dxe5 11.Rd1 Qc7 12.Nbd2 Bb7 13.Nf1 Rfe8 14.Ng3 Bf8 15.
Bg5 h6 16.Be3 c4 17.h3 Nc5 18.Bxc5 Bxc5 19.Nh2 Qb6 20.Qf3 g6 21.Re1 Rad8 
22.Re2 h5 23.Ngf1 Nh7 24.Qg3 Qf6 25.Nf3 Nf8 26.Ng5 h4 27.Qxh4 Be7 0-1

[Event "IX C.to Italiano U20"]
[Site "Bratto - Castione della Presolana ITA"]
[Date "2001.08.27"]
[Round "6"]
[White "Palomba, Andrea"]
[Black "Castellano, Fabio Marco"]
[Result "0-1"]
[WhiteElo "1401"]
[BlackElo "1431"]
[PlyCount "82"]
[EventDate "2001.08.22"]

1.e4 c5 2.Nf3 e6 3.Bc4 Nc6 4.d4 cxd4 5.Nxd4 Nf6 6.Nxc6 bxc6 7.e5 Qa5+ 8.
Nc3 Qxe5+ 9.Ne2 Bb7 10.O-O d5 11.Bf4 Qxb2 12.Rb1 Qa3 13.Rxb7 dxc4 14.Be5 
Qa6 15.Rc7 Nd5 16.Nf4 Nxc7 17.Bxc7 Rc8 18.Re1 Rxc7 19.Nxe6 fxe6 20.Qh5+ g6
21.Qe5 Qb7 22.Qxh8 Rg7 23.h3 Qf7 24.Kf1 Kd7 25.Rb1 Kc7 26.a4 e5 27.a5 a6 
28.Rb6 Kd6 29.Rb8 Rg8 30.Rd8+ Ke6 31.Re8+ Qxe8 32.Qxh7 Qf7 33.Qh4 Qf4 34.
Qd8 Qc1+ 35.Ke2 Qxc2+ 36.Ke1 Bb4+ 37.Kf1 Rxd8 38.g4 Rd1+ 39.Kg2 Bc5 40.h4 
Qxf2+ 41.Kh3 Rh1# 0-1

[Event "IX C.to Italiano U20"]
[Site "Bratto - Castione della Presolana ITA"]
[Date "2001.08.27"]
[Round "6"]
[White "Piscopo, Pierluigi"]
[Black "Damia, Angelo"]
[Result "1-0"]
[WhiteElo "2218"]
[BlackElo "1915"]
[PlyCount "109"]
[EventDate "2001.08.22"]

1.e4 c5 2.Nf3 a6 3.c3 d6 4.d4 cxd4 5.cxd4 e6 6.Bd3 g6 7.Bg5 Qb6 8.Nbd2 d5 
9.O-O Nc6 10.Re1 Be7 11.Rc1 Bxg5 12.Nxg5 h6 13.exd5 hxg5 14.dxc6 bxc6 15.
Be4 Ne7 16.Nc4 Qc7 17.g3 Bd7 18.Ne5 O-O 19.Qd2 f6 20.Nxg6 Nxg6 21.Bxg6 Kg7
22.Be4 Rac8 23.Bg2 Qd6 24.Qe3 Rh8 25.Rc5 Rb8 26.b3 Rb4 27.Rc4 a5 28.Qc3 
Rxc4 29.bxc4 a4 30.c5 Qb8 31.Qa5 Qb7 32.Qxa4 Ra8 33.Qb3 Qxb3 34.axb3 Rb8 
35.Re3 Rb4 36.Rd3 Kf7 37.Bf3 Ke7 38.Bd1 Kd8 39.f3 Kc7 40.Kf2 Rb5 41.Rc3 
Kd8 42.Ke3 Ke7 43.Rc4 Rb8 44.Ra4 f5 45.Ra2 Rh8 46.Kd3 Kf6 47.b4 Rb8 48.Kc3
e5 49.dxe5+ Kxe5 50.Bb3 g4 51.Rd2 gxf3 52.Rxd7 f2 53.Bc4 Rh8 54.Rd6 Rxh2 
55.Re6# 1-0

[Event "IX C.to Italiano U20"]
[Site "Bratto - Castione della Presolana ITA"]
[Date "2001.08.27"]
[Round "6"]
[White "Pulito, Alberto"]
[Black "Ibba, Isacco"]
[Result "1-0"]
[WhiteElo "2050"]
[BlackElo "1807"]
[PlyCount "69"]
[EventDate "2001.08.22"]

1.e4 Nc6 2.Nf3 Nf6 3.e5 Nd5 4.c4 Nb6 5.d4 d5 6.c5 Nd7 7.Bb5 Ndb8 8.Nc3 e6 
9.O-O Be7 10.Be3 O-O 11.Ne1 f6 12.f4 fxe5 13.fxe5 Rxf1+ 14.Bxf1 b6 15.cxb6
axb6 16.Nc2 Na7 17.b4 Qf8 18.Bd3 g6 19.Qg4 Bxb4 20.Nxb4 Qxb4 21.Bxg6 Qe7 
22.Rf1 Qg7 23.Bxh7+ Kxh7 24.Qh5+ Kg8 25.Qe8+ Kh7 26.Rf7 Nbc6 27.Rxg7+ Kxg7
28.Qh5 Kf8 29.Qg6 Nd8 30.Bh6+ Ke7 31.Bg5+ Kd7 32.Qg7+ Kc6 33.Bxd8 Bd7 34.
Bf6 Nc8 35.a4 1-0

[Event "IX C.to Italiano U20"]
[Site "Bratto - Castione della Presolana ITA"]
[Date "2001.08.27"]
[Round "6"]
[White "Retter, Martin"]
[Black "Capone, Vincenzo"]
[Result "1-0"]
[WhiteElo "1690"]
[BlackElo "2154"]
[PlyCount "53"]
[EventDate "2001.08.22"]

1.c4 Nf6 2.g3 g6 3.Bg2 Bg7 4.Nc3 d6 5.Rb1 e5 6.b4 O-O 7.d3 h6 8.a4 a5 9.b5
Nbd7 10.e3 Re8 11.Nge2 Nc5 12.Ba3 Rb8 13.O-O Bf5 14.Bxc5 dxc5 15.Nd5 Nxd5 
16.Bxd5 Qd7 17.Rb3 Red8 18.Qb1 Qd6 19.Nc3 c6 20.Be4 Bh3 21.Rd1 Bg4 22.f3 
Be6 23.bxc6 bxc6 24.Rb7 Bd7 25.Qb6 f5 26.Bd5+ Kf8 27.Nb5 1-0

[Event "IX C.to Italiano U20"]
[Site "Bratto - Castione della Presolana ITA"]
[Date "2001.08.27"]
[Round "6"]
[White "Sardo, Gabriele"]
[Black "Cusumano, Domenico"]
[Result "1/2-1/2"]
[WhiteElo "2165"]
[BlackElo "1939"]
[PlyCount "93"]
[EventDate "2001.08.22"]

1.e4 e6 2.d4 d5 3.Nc3 Nf6 4.Bg5 Be7 5.e5 Nfd7 6.Bxe7 Qxe7 7.f4 O-O 8.Nf3 
c5 9.dxc5 Nxc5 10.Bd3 f5 11.exf6 Rxf6 12.Qd2 Nxd3+ 13.cxd3 Nc6 14.d4 Bd7 
15.O-O Raf8 16.Rae1 Qd6 17.Ne5 Nxe5 18.Rxe5 Rf5 19.Rxf5 Rxf5 20.g3 Be8 21.
Nd1 Rf7 22.Nf2 Rc7 23.Re1 Bg6 24.Rc1 h5 25.Rc3 a5 26.Qc1 Rc6 27.Rxc6 Qxc6 
28.Qxc6 bxc6 29.Kf1 Kf7 30.Ke2 Ke7 31.Nd3 Bxd3+ 32.Kxd3 Kd6 33.Kc3 c5 34.
b3 g6 35.a3 Kc6 36.dxc5 Kxc5 37.b4+ axb4+ 38.axb4+ Kb6 39.Kb3 Ka6 40.Ka4 
Kb6 41.h3 Ka6 42.b5+ Kb6 43.Kb4 Kb7 44.Kc5 Kc7 45.g4 hxg4 46.hxg4 Kb7 47.
b6 1/2-1/2